La inquietud mundial : (Registro nro. 11656)

Detalles MARC
000 -LEADER
fixed length control field 01344nam a2200241Ia 4500
003 - CONTROL NUMBER IDENTIFIER
control field OSt
005 - DATE AND TIME OF LATEST TRANSACTION
control field 20210505131028.0
008 - FIXED-LENGTH DATA ELEMENTS--GENERAL INFORMATION
fixed length control field 210310s1935 cl gr 000 0 spa d
040 ## - CATALOGING SOURCE
Original cataloging agency CO-JMCR
Transcribing agency CO-JMCR
041 1# - LANGUAGE CODE
Language code of text/sound track or separate title spa
Language code of original eng
082 04 - DEWEY DECIMAL CLASSIFICATION NUMBER
Classification number 330.91 /
Item number N782i
Edition number 23
100 1# - MAIN ENTRY--PERSONAL NAME
Personal name Nitti, Francisco,
Relator term autor
9 (RLIN) 26101
245 13 - TITLE STATEMENT
Title La inquietud mundial :
Remainder of title la crisis la guerra y el estado /
Statement of responsibility, etc. Francisco Nitti ; traducción y notas Carlos Manuel Coz
260 ## - PUBLICATION, DISTRIBUTION, ETC.
Place of publication, distribution, etc. Santiago de Chile :
Name of publisher, distributor, etc. Arcilla,
Date of publication, distribution, etc. 1935
300 ## - PHYSICAL DESCRIPTION
Extent 195 páginas ;
Dimensions 22 cm.
500 ## - GENERAL NOTE
General note Notas a pie de página.
505 0# - FORMATTED CONTENTS NOTE
Formatted contents note Viaje de Robinsón Crusoe a Europa en 1933. -- La depresión económica mundial y los absurdo marxismos sobre el supuesto fin de la era capitalista. -- Características y magnitud de la depresión económica.-- El crecimiento vertiginoso de los gastos públicos, causa fundamental del caos económico. -- Raquitismo moral del siglo XX. Actividad del socialismo y de los partidos reformistas. -- La gran responsabilidad de los Estados Unidos frente a la depresión económica mundial. -- De la farsa de la tecnocracia al drama de las autaquías económicas.
650 14 - SUBJECT ADDED ENTRY--TOPICAL TERM
Topical term or geographic name entry element Economía mundial.
9 (RLIN) 37247
650 24 - SUBJECT ADDED ENTRY--TOPICAL TERM
Topical term or geographic name entry element Gastos públicos.
9 (RLIN) 37427
650 24 - SUBJECT ADDED ENTRY--TOPICAL TERM
Topical term or geographic name entry element Depresión económica.
9 (RLIN) 37428
700 1# - ADDED ENTRY--PERSONAL NAME
Personal name Coz, Carlos Manuel,
Relator term traductor
9 (RLIN) 37429
942 ## - ADDED ENTRY ELEMENTS (KOHA)
Source of classification or shelving scheme Dewey Decimal Classification
Koha item type Books
Existencias
Withdrawn status Lost status Source of classification or shelving scheme Damaged status Not for loan Home library Current library Shelving location Date acquired Source of acquisition Full call number Barcode Date last seen Copy number Price effective from Koha item type
    Dewey Decimal Classification     Biblioteca Pública José María del Castillo y Rada Biblioteca Pública José María del Castillo y Rada General Stacks 04/15/2018 Donación 330.91 / N782i 430002074 05/16/2024 Ej.1 03/10/2021 Books